|
|
|
|
| LEADER |
00000nam0a2200000 4500 |
| 001 |
6622 |
| 005 |
20231030180229.0 |
| 010 |
|
|
|a 5744205233
|
| 035 |
|
|
|a (RuTPU)RU\TPU\book\6659
|
| 035 |
|
|
|a BOOK00006716
|
| 090 |
|
|
|a 6622
|
| 100 |
|
|
|a 20011209d1995 k y0rusy50 ca
|
| 101 |
0 |
|
|a rus
|
| 102 |
|
|
|a RU
|
| 105 |
|
|
|a y z 000zy
|
| 200 |
1 |
|
|a Приразломные карбонатно-щелочные метасоматиты докембрия, их рудоносность и генезис
|f Л. Я. Шмураева
|
| 210 |
|
|
|a Владивосток
|c Дальнаука
|d 1995
|
| 215 |
|
|
|a 203 с.
|
| 610 |
1 |
|
|a метасоматиты карбонатно-щелочные
|
| 610 |
1 |
|
|a докембрий
|
| 610 |
1 |
|
|a рудоносность
|
| 610 |
1 |
|
|a генезис
|
| 675 |
|
|
|a 553.22
|v 3
|
| 700 |
|
1 |
|a Шмураева
|b Л. Я.
|g Людмила Яковлевна
|
| 801 |
|
0 |
|a RU
|b 63413507
|c 20011209
|g PSBO
|
| 801 |
|
2 |
|a RU
|b 63413507
|c 20070425
|g PSBO
|
| 942 |
|
|
|c BK
|